000 00704cab a2200229 4500
001 WB3513-32
008 090401t1999 xxu||||| |||| 00| 0 eng d
035 _a(Sirsi) u92627
041 _aeng
245 _aRight to roam opportunities
260 _c1999
350 _a0
490 _aFarmers Guardian
_v2 April 1999, 15(1)
520 _aFollowing the launch of the Countryside Agency outlines opportunities which the right to roam will have on boosting the rural economy.
650 _aACCESS TO THE COUNTRYSIDE
650 _aCOUNTRYSIDE AGENCY
650 _aRIGHT TO ROAM
650 _aRURAL ECONOMY
690 _aHIGHWAYS RIGHTS OF WAY AND EASEMENTS
942 _n0
948 _c08/04/1999
999 _c58699
_d58699